Elementos de química moderna

Saved in:
Bibliografiske detaljer
Hovedforfatter: Rodríguez, Teodoro (Author)
Format: Bog
Sprog:spansk
Udgivet: Friburgo de Brisgovia B. Herder 1907
Udgivelse:4a. ed
Fag:
Tags: Tilføj Tag
Ingen Tags, Vær først til at tagge denne postø!

MARC

LEADER 00000nam a2200000 a 4500
001 UCZ8574
003 CL-VaPUC
008 960121e19070000GW |||||||||||||||||spa|d
082 0 4 |a 372.35  |b ROD  |2 21 
100 0 |a Rodríguez, Teodoro  |e author  |9 353913 
245 1 0 |a Elementos de química moderna 
250 |a 4a. ed 
300 |a 136 p 
942 |c BK 
945 |d 19960121 00:00:00  |a lriquelm 
260 |a Friburgo de Brisgovia  |b B. Herder  |c 1907 
650 0 |a Química  |9 259896 
650 0 |a Enseñanza de la química  |9 339845 
650 0 |a Métodos de enseñanza  |9 270413 
650 0 |a Química inorgánica  |9 260154 
650 0 |a Química orgánica   |9 259426 
650 7 |a COMPUESTOS ORGANICOS  |2 CL-VaPUC  |9 306788 
650 0 |a Materia orgánica  |9 348286 
583 |a last modification  |c 19960121 00:00:00  |k Rodrigo Vera 
999 |c 244435  |d 244433 
952 |0 0  |1 0  |4 0  |6 372_350000000000000_ROD_1907  |7 0  |8 P  |9 258496  |a BIBEDU  |b BIBEDU  |c BIBEDU_PB  |d 2019-11-19  |i 1619551  |o 372.35 ROD 1907  |p 1619551  |r 2024-01-25  |w 2019-11-19  |y BK  |k EDU